ROSÉ - toxic till the end (All Lyrics) - Statistics

General Stats
  • This quiz has been taken 245 times
  • The average score is 287 of 341
Answer Stats
% Correct
a
99%
the
99%
The
99%
to
99%
toxic
99%
we
99%
We
99%
were
99%
you
99%
You
99%
I
98%
"I
98%
me
97%
end
95%
my
95%
till
95%
was
95%
When
95%
when
95%
Back
92%
back
92%
can
92%
then
92%
and
91%
face"
90%
in
90%
see
90%
your
90%
of
89%
it
88%
never
88%
said
88%
So
88%
again
87%
are
86%
wanna
86%
from
85%
manipulatin'
85%
start
85%
place
84%
possessive
83%
with
83%
Can't
82%
even
82%
Honestly
82%
jealous
82%
couldn't
81%
had
81%
out
81%
participatin'
81%
impressive
80%
that
80%
That
80%
wait
80%
Call
79%
runnin'
79%
"Baby
78%
friends
78%
meant
78%
us
78%
what
78%
for
77%
For
77%
pull
76%
closer?"
75%
dark
75%
forgive
75%
rings
75%
them
75%
try
75%
years
75%
heard
74%
on
74%
Tiffany
74%
met
73%
not
73%
prettiest
73%
thing
73%
over
72%
'cause
71%
'Cause
71%
didn't
71%
head
71%
pretend
71%
wasted
71%
giving
70%
who
68%
game
67%
is
66%
things
66%
chess
64%
ex
64%
lot
64%
one
63%
chest
62%
guess?
62%
known
62%
Playing
62%
would
62%
dear
61%
"Don't
61%
ever
60%
gentlemen
60%
His
60%
I'll
60%
Ladies
60%
pieces
60%
present
60%
Uh
60%
should've
59%
stay
58%
how
56%
saying
51%
you're
51%
favourite
50%
leave"
49%
Now
49%
huh
48%
just
48%
plotting
48%
screen
47%
he's
42%
right
40%
stole
34%
line
33%
closеr?"
1%
1%
No matching quizzes found
Score Distribution
Percent of People with Each Score
Percentile by Number Answered
Your Score History
You have not taken this quiz